National Conference on Governance, 13th November 1999, New Delhi (Record no. 515123)

000 -LEADER
fixed length control field 00330nam a2200097 4500
082 ## - DEWEY DECIMAL CLASSIFICATION NUMBER
Classification number TNC J222 N213
100 ## - MAIN ENTRY--PERSONAL NAME
Personal name Federation of Indian Chambers of Commerce Commerce of Commerce & Industry
9 (RLIN) 20251
245 ## - TITLE STATEMENT
Title National Conference on Governance, 13th November 1999, New Delhi
260 ## - PUBLICATION, DISTRIBUTION, ETC. (IMPRINT)
Place of publication, distribution, etc New Delhi
Name of publisher, distributor, etc The author
Date of publication, distribution, etc 1999
300 ## - PHYSICAL DESCRIPTION
Extent 79p.
Holdings
Withdrawn status Lost status Source of classification or shelving scheme Damaged status Koha normalized classification for sorting Not for loan Permanent location Current location Date acquired Full call number Barcode Date last seen Price effective from Koha item type
        TNC_J222_N213   Indian Institute of Public Administration Indian Institute of Public Administration 2021-01-12 TNC J222 N213 Gr22084 2021-01-12 2021-01-12 GR

Powered by Koha